Popular Movies by Poster VIII - Statistics

General Stats
  • This quiz has been taken 1,345 times
  • The average score is 10 of 16
Answer Stats
Picture Answer % Correct
Ghostbusters
98%
Men in Black
97%
The Incredibles
94%
Ant-Man
89%
Bee Movie
88%
Cocaine Bear
64%
Shark Tale
63%
Zombieland
63%
Mortal Kombat
53%
12 Years a Slave
52%
Gone Girl
48%
World War Z
45%
Jackass
41%
Dinosaur
35%
Animal House
20%
Richard Jewell
6%
No matching quizzes found
Score Distribution
Percent of People with Each Score
Percentile by Number Answered
Your Score History
You have not taken this quiz